| 000 | 00376nam a2200145Ia 4500 | ||
|---|---|---|---|
| 100 | _aJain /M.K./ Iyengar/S.R.K. | ||
| 942 | _cBK | ||
| 654 | _anumerical methods | ||
| 245 | _aNumerical methods for Scientific & Engineering computation | ||
| 260 |
_bWILEY EASTERN LIMITED _aNew Delhi _c1993 |
||
| 082 |
_a519.4 _bJAI/IYE |
||
| 300 | _a450 | ||
| 546 | _aENGLISH | ||
| 999 |
_c34793 _d34793 |
||